000 00932nam a2200229 a 4500
001 65811
003 BD-RjUL
005 20211209081451.0
008 170312s1984 ii |||| |||| 001 0 ben d
035 _a(BD-RjUL)65941
040 _aBD-RjUL
_beng
_cBD-RjUL
041 _aeng
082 _223
_a915.4
_bTAV 1984
245 0 0 _aট্যাভারনিয়ারের দেখা ভারত /
_cসংকলন প্রেমময় দাশগুপ্ত.
260 _aকলিকাতা :
_bফার্মা কেএলএমপ্রাইভেট লিমিটেড,
_c১৯৮৪.
300 _a[কুড়ি], ৩৮৯ পৃ.;
_c২২ সে. মি.
500 _aনির্ঘন্ট সংবলিত.
650 _aভ্রমন
_zভারত
_9193269
650 _aTravel
_zIndia
_9194609
700 _aদাশগুপ্ত, প্রেমময়
_9177242
942 _2ddc
_cBK
999 _c65811
_d65811